00388 2200157 4500001002100000005001500021035002000036245004300056100002100099300002600120260002800146082000800174084001400182020002200196990001200218INLIS00000000000299020250918072654 a0010-09250003371 aMaaf Yang Terindah /cEidelweis Almira0 aEidelweis Almira a192 hlm ;c13 x 19 cm aJakarta :bZettu,c2013 a813 a813 EID m a978-602-7735-70-5 a0755643